| 000 | 01053nac a22002651u 4500 | ||
|---|---|---|---|
| 010 | _a 97036324 | ||
| 020 | _a0070625379 | ||
| 022 | _a0071156003 | ||
| 082 | 0 | 0 |
_a620.106 _bS9153 |
| 090 |
_c4480 _d4480 |
||
| 100 | _aStreeter, Victor L. | ||
| 245 | 1 | 0 |
_aFluid mechanics / _cVictor L. Streeter, E. Benjamin Wylie, Keith W. Bedford. |
| 250 |
_a9th ed. _bInternational ed. |
||
| 260 |
_aBoston : _bWCB/McGraw Hill, _cc1998. |
||
| 300 |
_axi, 740 p. : _bill. ; _c26 cm. |
||
| 500 | _aInternational Edition. | ||
| 504 | _aIncludes bibliographical references index. | ||
| 650 | 0 | _aFluid mechanics. | |
| 700 | 1 | _aWylie, E. Benjamin. | |
| 700 | 1 | _aBedford, Keith W. | |
| 856 | 4 | 2 |
_3Publisher description _uhttp://www.loc.gov/catdir/description/mh023/97036324.html |
| 856 | 4 | 2 |
_3Table of contents _uhttp://www.loc.gov/catdir/toc/mh022/97036324.html |
| 942 |
_cBB _k620.106S9153 |
||
| 999 |
_c4480 _d4480 |
||